00934nam a2200205 a 450000100060000000300090000600800410001502000150005604000280007108200220009910000370012124500110015825000060016926000280017530000080020350504560021165000210066765000140068865000260070221226CO-ViMGA141112s2004 ck r 000 u spa d a9583505552 aCO-ViMGAbspacCO-ViMGA04a346.0432 O246 6ed1 aOchoa Carvajal Raúl Humberto, 10aBienes a6 aBogotá; Temis, c2006 a380 aDe los modos de adquirir el dominio La ocupación, La accesión, La tradición, Laposesión 135 - - De la prescripción Formas de prescripción adquisitiva, De la prescripción agraria 185 - - El derecho de propiedad o dominio Limitaciones al dominio, El patrimonio de familia, Afectación a vivienda familiar 244 - - El derecho de usufructo Caractrísitca, solemnidades 288 - - De las servidumbres Clasificación, Servicumbres mineras 306 14aBIENES - DERECHO14aPROPIEDAD14aPROTECCION EN DERECHO